Plant anatomy (Record no. 81957)

MARC details
000 -LEADER
fixed length control field 00822nam a2200181 a 4500
008 - FIXED-LENGTH DATA ELEMENTS--GENERAL INFORMATION
fixed length control field 120416s1978 ||||||||||||||||| || u
050 ## - LIBRARY OF CONGRESS CALL NUMBER
Classification number QK 641 Cut
100 ## - MAIN ENTRY--PERSONAL NAME
Personal name Cutter, Elizabeth G
245 10 - TITLE STATEMENT
Title Plant anatomy
260 ## - PUBLICATION, DISTRIBUTION, ETC.
Place of publication, distribution, etc. London
Name of publisher, distributor, etc. Edward Arnold
Date of publication, distribution, etc. 1978
300 ## - PHYSICAL DESCRIPTION
Extent vi, 315p. : ill
350 ## -
-- 0.00
650 ## - SUBJECT ADDED ENTRY--TOPICAL TERM
Topical term or geographic name entry element PLANTS
650 ## - SUBJECT ADDED ENTRY--TOPICAL TERM
Topical term or geographic name entry element ANATOMY--PLANTS
995 ## -
-- MAIN LIBRARY OPEN ACCESS
-- 0.00
-- 706372
-- CBU-MAIN LIBRARY (Kitwe)
-- 2
-- 0.00
-- QK 641 Cut
-- 1
-- AVAILABLE
-- 014669
-- Main Library Open Access Collection
995 ## -
-- BINDERY (DAMAGED)
-- 0.00
-- 711610
-- CBU-MAIN LIBRARY (Kitwe)
-- 1
-- 0.00
-- QK 641 Cut
-- 2
-- DAMAGED
-- 014670
-- Main Library Open Access Collection
995 ## -
-- MAIN LIBRARY OPEN ACCESS
-- 0.00
-- 706242
-- CBU-MAIN LIBRARY (Kitwe)
-- 3
-- 0.00
-- QK 641 Cut
-- 3
-- LOST
-- 014671
-- Main Library Open Access Collection
999 ## -
-- 81957
-- 81957
Holdings
Withdrawn status Lost status Source of classification or shelving scheme Damaged status Not for loan Permanent Location Current Location Shelving location Date acquired Total Checkouts Full call number Barcode Date last seen Copy number Price effective from Koha item type
          CBU-MAIN LIBRARY, KITWE. CBU-MAIN LIBRARY, KITWE.   09/12/2023   QK 641 Cut 014669 09/12/2023 1 09/12/2023 MONOGRAPH
          CBU-MAIN LIBRARY, KITWE. CBU-MAIN LIBRARY, KITWE.   09/12/2023   QK 641 Cut 014670 09/12/2023 2 09/12/2023 MONOGRAPH
          CBU-MAIN LIBRARY, KITWE. CBU-MAIN LIBRARY, KITWE.   09/12/2023   QK 641 Cut 014671 09/12/2023 3 09/12/2023 MONOGRAPH